| 000 | 00629nam a2200241Ia 4500 | ||
|---|---|---|---|
| 003 | OSt | ||
| 005 | 20221007101037.0 | ||
| 006 | a|||||r|||| 00| 0 | ||
| 007 | ta | ||
| 008 | 221006b |||||||| |||| 00| 0 eng d | ||
| 024 | _a5,715 | ||
| 037 | _cTextual | ||
| 040 |
_aLCO _cLCO _beng |
||
| 041 |
_2eng _aeng |
||
| 082 | _aZx2.N05, L2 | ||
| 100 | _aHidayatullah M. | ||
| 245 | 0 | _aJudge's Miscellany | |
| 260 |
_aBombay _bN.M. Tripathi Pvt. Ltd. India _c1972 |
||
| 300 | _a324 | ||
| 650 |
_aJUDGE _9702518 |
||
| 942 |
_hZx2.N05, L2 _cTEXL |
||
| 999 |
_c1175278 _d1175278 |
||